Riadenie obnovy budov

Bibliographic Details
Main Author: Hromníková, Mária (Author)
Format: Book
Language:Slovak
Published: V Bratislave Slovenská technická univerzita 2001
Subjects:

MARC

LEADER 00000nam a2200000 a 4500
001 vtls001429616
003 SK-MaSNL
005 20260301072611.0
008 251117s2001 xo ap r yy slo
015 |a SNBA2002/04-01571 
020 |a 8022715611 
035 |a SNK000384628 
035 |a urn:nbn:sk:snk-amk4ri 
035 |a urn:nbn:sk:snk-am004pau 
035 |a 0D295723-048C-4F4F-BEEF-4C4032B3839D 
040 |a SNK  |b slo  |c SNK  |e AACR2 
041 0 |a slo 
044 |a xo  |c SK 
080 |a 69.059.25  |2 1981 
100 1 |a Hromníková, Mária  |4 aut  |9 283919 
245 1 0 |a Riadenie obnovy budov  |c Mária Hromníková 
260 |a V Bratislave  |b Slovenská technická univerzita  |c 2001 
300 |a 40 s.  |b tab.  |c 21 cm 
504 |a Bibliogr. odkazy 
650 0 7 |a budovy  |x obnova stavebná  |x príručky  |2 SNK  |9 392327 
655 7 |a príručky  |2 SNK  |9 74364 
752 |d Bratislava 
919 |a 80-227-1561-1 
958 |a TL 
958 |a NB 
958 |a BQ 
999 |c 641521  |d 643451 
952 |t P60, <03>, [BOOK], {603}  |a SNK  |b SNK  |y PREZ  |7 0  |p 17A0336175  |o snkSC 107394  |i snkKSP 2683/2002  |0 0  |1 0  |4 0  |d 2002-03-06  |f 1  |l 0  |r 2025-09-29 00:00:00  |w 2026-02-23 
952 |t P60, <04>, [BOOK], {604}  |a SNK  |b SNK  |y VYP  |7 0  |p 17A0336176  |o snkSC 107394 D1  |i snkKSP 2684/2002  |0 0  |1 0  |4 0  |d 2002-03-06  |l 0  |r 2005-01-02 00:00:00  |w 2026-02-23